| 000 | 00695nam a2200193 4500 | ||
|---|---|---|---|
| 999 |
_c16335 _d16335 |
||
| 008 | 211124b ||||| |||| 00| 0 eng d | ||
| 022 | _a0732-8435 | ||
| 082 | _aDPer 657.05 C33 Apr - Sept 2016, v86 n4-9 | ||
| 100 |
_aKess, Sidney. _942718 |
||
| 245 |
_aTax and financial retirement strategies/ _cSidney Kess, James A. J. Revels, and James R. Grimaldi. |
||
| 260 |
_aNew York: _bThe New York State Society of CPA, _c©2016. |
||
| 300 |
_av86 n9, pages 16-21: _billustrations; _c28 cm. |
||
| 500 | _aThe CPA Journal | ||
| 650 |
_aTaxation. _943746 |
||
| 650 |
_aFinance. _943747 |
||
| 700 |
_aRevels, J. A. J. _eAuthor. _943748 |
||
| 700 |
_aGrimaldi, J. R. _eAuthor. _943749 |
||
| 942 |
_2ddc _cPER |
||